000 00672nam a22002057a 4500
003 0
005 20250909155025.0
008 250909b xxu||||| |||| 00| 0 eng d
020 _a978-1-266-22283-2
050 _aQD 33.2
_b.Si55 2024
100 _aSilberberg, Martin,
_eauthor.
245 _aChemistry :
_bthe molecular nature of matter and change /
_cMartin Silberberg and Patricia Amateis.
250 _aTenth edition.
260 _aNew York, NY :
_bMcGraw Hill LLC,
_c2024.
300 _axxxi, various pagination :
_bcolored illustrations ;
_c28 cm.
504 _aIncludes index.
650 _aChemistry.
700 _aAmateis, Patricia,
_eauthor.
942 _2lcc
_cBK
999 _c367849
_d367849